| 000 | 01722nam a2200253 i 4500 | ||
|---|---|---|---|
| 001 | 173667 | ||
| 003 | ES-MaACL | ||
| 005 | 20250723094419.0 | ||
| 007 | t| | ||
| 008 | 091228s18631868sp |||| | spa d | ||
| 110 | 2 |
_aReal Academia de Ciencias Exactas, Físicas y Naturales de España. _9175635 |
|
| 245 | 1 | 0 |
_aMemorias de la Real Academia de Ciencias. _n6. |
| 260 |
_aMadrid : _b[s.n.], _c1863 (Aguado Imp.) |
||
| 300 |
_av. ; _c28 cm. |
||
| 505 | 8 | _aContiene: VI. Influencia de los fosfatos térreos en la vegetación y procedimientos más económicos para utilizarlos en producción de cereales en la península / Manuel Sáez Díez (194 p.) . Influencia de los fosfatos térreos en la vegetación y procedimientos más económicos para utilizarlos en producción de cereales en la península / Ramón de Manjarres y Bofarull (p. 201-295) . Influencia de los fosfatos térreos en la vegetación y procedimientos más económicos para utilizarlos en producción de cereales en la península / José Hidalgo Tablada (p. 297-345) . Influencia de los fosfatos térreos en la vegetación y procedimientos más económicos para utilizarlos en producción de cereales en la península / Ramón Torres Muñoz de Luna (p. 347-413) . Calentamiento y ventilación de edificios / Francisco de Paula Rojas (p. 415-683; 14 planos pleg.). | |
| 650 | 4 |
_aVentilación. _9136979 |
|
| 700 | 1 |
_aSáez Díez, Manuel. _9141865 |
|
| 700 | 1 |
_aManjarrés y Bofarull, Ramón de. _976031 |
|
| 700 | 1 |
_aHidalgo Tablada, José. _9141866 |
|
| 700 | 1 |
_aTorres Muñoz de Luna, Ramón, _d1822-1890 _9133329 |
|
| 700 | 1 |
_aRojas y Caballero Infante, Francisco de Paula. _999083 |
|
| 852 | 4 |
_aES-MaACL _jK-221 |
|
| 999 |
_c173667 _d173667 |
||